00795nam a2200193 a 45000010005000000030005000050050017000100080041000270400026000681100034000942450086001282600046002145000080002606500035003409420013003759990015003889520099004039520099005024388CDMR20151103110602.0130130s2003||||||||||||||||||||||||||||d aCDMRbcatcCPC GIRONA 9619aUniversitat Pompeu Fabra03aEl periodisme després de la guerra d'IraqcSeminari d'Actualitat Periodística c2003bUniversitat Pompeu FabraaBarcelona aTranscripció del Seminari d'Actualitat Periodística, 16 de juny de 20030493582aGuerra d'Iraq, 2003-2011 cMON2ddc c4388d4388 00104070aGIRONAbGIRONAd2010-12-03l0oBc 186pGIRONA13109099r2013-01-16w2013-01-16yMON 00104070aLLEIDAbLLEIDAd2011-08-10l0o657JORpLLEIDA13109100r2013-01-16w2013-01-16yMON